Devine le personnage Disney à partir de ses couleurs - prince - Statistiques

Statistiques générales
  • Ce quiz a été pris 39 fois
  • Le résultat moyen est 4 sur 8
Statistiques - réponses
Par images Réponse % Correct
Prince Eric
76%
Aladdin
67%
La bête
55%
Prince Naveen
55%
Prince Philippe
52%
John Smith
39%
Kristoff
18%
Hans
15%
Aucun quiz correspondant
Distribution des résultats
% des personnes avec chaque résultat
Percentile par nombre de réponses
Votre historique - résultats
Vous n’avez pas pris ce quiz